000
002360000a22000970004500
100
1
_a
Stanhope, Jon
245
1
0
_a
Artistic integrity : Good shopping this christmas
300
_a
(2004), Páginas 24-26
773
0
_t
Teartimes
942
_c
ANA
999
_c
56081
_d
56081